Tres titanes (Record no. 95159)

MARC details
000 -LEADER
campo de control de longitud fija 00677nam a2200205 i 4500
001 - NÚMERO DE CONTROL
campo de control 95159
003 - IDENTIFICADOR DE NÚMERO DE CONTROL
campo de control ES-MaACL
005 - FECHA Y HORA DE LA ÚLTIMA TRANSACCIÓN
campo de control 20250618142458.0
007 - CAMPO FIJO DE DESCRIPCIÓN FÍSICA--INFORMACIÓN GENERAL
campo de control de longitud fija t|
008 - DATOS DE LONGITUD FIJA--INFORMACIÓN GENERAL
campo de control de longitud fija 050524s1933 sp ||||1| spa d
100 1# - ENTRADA PRINCIPAL--NOMBRE DE PERSONA
Nombre de persona Ludwig, Emil.
9 (RLIN) 74618
245 10 - MENCIÓN DEL TÍTULO
Título Tres titanes
Resto del título : (Miguel Angel, Rembrandt, Beethoven) /
Mención de responsabilidad, etc. Emil Ludwig.
260 ## - PUBLICACIÓN, DISTRIBUCIÓN, ETC.
Lugar de publicación, distribución, etc. Barcelona :
Nombre del editor, distribuidor, etc. Juventud,
Fecha de publicación, distribución, etc. 1933 (
Fabricante Clarasó)
300 ## - DESCRIPCIÓN FÍSICA
Extensión IX, 288 p., 3 lám. ;
Dimensiones 22 cm.
600 04 - PUNTO DE ACCESO ADICIONAL DE MATERIA--NOMBRE DE PERSONA
Nombre de persona Rembrandt Harmenszoon van Rijn,
Fechas asociadas al nombre 1606-1669
9 (RLIN) 96120
600 14 - PUNTO DE ACCESO ADICIONAL DE MATERIA--NOMBRE DE PERSONA
Nombre de persona Bonaroti, Michele Angelo.
9 (RLIN) 126055
600 17 - PUNTO DE ACCESO ADICIONAL DE MATERIA--NOMBRE DE PERSONA
Nombre de persona Beethoven, Ludwig van,
Fechas asociadas al nombre 1770-1827
Fuente del encabezamiento o término embne
9 (RLIN) 240507
852 ## - LOCALIZACIÓN
Ubicación ES-MaACL
Número de control de estantería A-1771
Holdings
Estatus retirado Estado de pérdida Estado de daño No para préstamo Biblioteca de origen Biblioteca actual Ubicación en estantería Fecha de adquisición Fuente de adquisición Total de préstamos Signatura topográfica completa Código de barras Visto por última vez Precio de reemplazo Tipo de ítem Koha
        Biblioteca del Ateneo de Madrid Biblioteca del Ateneo de Madrid Sala Pecera Planta 1 17/01/2008     A-1771 1099370 23/02/2023 23/02/2023 Libro impreso